000 00267nam a2200109Ia 4500
008 190216s9999||||xx |||||||||||||| ||und||
100 _aShukla M C&Amp; Gulhan S S
245 0 _aOffice Organisation And Management
260 _bNull
_c1979
300 _a236p
942 _cBK
999 _c5358
_d5358